Elektroakustika 2
Enregistré dans:
| Auteur principal: | |
|---|---|
| Format: | Livre |
| Langue: | slovaque |
| Publié: |
Bratislava :
SVŠT v Bratislave,
1972
|
| Édition: | 1. vyd. |
| Tags: |
Pas de tags, Soyez le premier à ajouter un tag!
|
MARC
| LEADER | 00000nam a22000003a 4500 | ||
|---|---|---|---|
| 001 | stu33261 | ||
| 005 | 20150617225733.1 | ||
| 008 | 980818s1972------------------------slo-d | ||
| 040 | |a STU |b slo | ||
| 041 | 0 | |a slo | |
| 100 | 1 | |a Ducko, Aristid |4 aut | |
| 245 | 1 | |a Elektroakustika 2 | |
| 250 | |a 1. vyd. | ||
| 260 | |a Bratislava : |b SVŠT v Bratislave, |c 1972 | ||
| 300 | |a 255 s | ||
| 996 | |b 284ES02145 |c E*S-6295 |l EE01 |s A |a 24 |w stu33261_0005 | ||
| 996 | |b 284ES02151 |c E*S-6303 |l EE01 |s A |a 24 |w stu33261_0007 | ||